000 00239nam a2200121Ia 4500
100 _aChannon &Smith
942 _cBK
654 _amaths
245 _aGeneral Mathematics
260 _bLongmans
_c2001
082 _a510
546 _aENGLISH
999 _c34987
_d34987